|
|
|
|
| LEADER |
02040nam a2200577 a 4500 |
| 001 |
nkc20132498056 |
| 003 |
CZ PrNK |
| 005 |
20140505122340.0 |
| 007 |
ta |
| 008 |
130916s2013 xr a f 000 0 eng |
| 015 |
|
|
|a cnb002498056
|
| 020 |
|
|
|a 978-80-7343-283-6
|q (Centrum pro ekonomický výzkum a doktorské studium UK :
|q brož.)
|
| 020 |
|
|
|a 978-80-7344-275-0
|q (Národohospodářský ústav AV ČR :
|q brož.)
|
| 035 |
|
|
|a (OCoLC)862713172
|
| 040 |
|
|
|a ABA001
|b cze
|
| 041 |
0 |
|
|a eng
|b cze
|
| 072 |
|
7 |
|a 33
|x Ekonomie
|2 Konspekt
|9 4
|
| 080 |
|
|
|a 330.567.22
|2 MRF
|
| 080 |
|
|
|a 364.668
|2 MRF
|
| 080 |
|
|
|a 364.662
|2 MRF
|
| 080 |
|
|
|a 336.22
|2 MRF
|
| 080 |
|
|
|a 519.86/.87
|2 MRF
|
| 080 |
|
|
|a (048.8)
|2 MRF
|
| 100 |
1 |
|
|a Jeong, Byeongju,
|d 1968-
|7 jo20010087115
|4 aut
|
| 245 |
1 |
0 |
|a Bargaining and wealth accumulation /
|c Byeongju Jeong
|
| 260 |
|
|
|a Prague :
|b CERGE-EI,
|c 2013
|
| 300 |
|
|
|a 43 s. :
|b il. ;
|c 21 cm
|
| 490 |
1 |
|
|a Working paper series,
|x 1211-3298 ;
|v 479
|
| 504 |
|
|
|a Obsahuje bibliografii
|
| 546 |
|
|
|a České resumé
|
| 650 |
0 |
7 |
|a individuální spotřeba
|7 ph125964
|2 czenas
|
| 650 |
0 |
7 |
|a bohatství
|7 ph118947
|2 czenas
|
| 650 |
0 |
7 |
|a chudoba
|7 ph119230
|2 czenas
|
| 650 |
0 |
7 |
|a daně
|7 ph114293
|2 czenas
|
| 650 |
0 |
7 |
|a modelování a simulace
|7 ph125543
|2 czenas
|
| 650 |
0 |
9 |
|a consumption (economics)
|2 eczenas
|
| 650 |
0 |
9 |
|a wealth
|2 eczenas
|
| 650 |
0 |
9 |
|a poverty
|2 eczenas
|
| 650 |
0 |
9 |
|a taxation
|2 eczenas
|
| 650 |
0 |
9 |
|a modeling and simulation
|2 eczenas
|
| 655 |
|
7 |
|a studie
|7 fd133597
|2 czenas
|
| 655 |
|
9 |
|a studies
|2 eczenas
|
| 830 |
|
0 |
|a Working paper series (CERGE-EI)
|0 s
|
| 910 |
2 |
|
|a BOA001
|b 2-1313.618
|
| 928 |
9 |
|
|a Univerzita Karlova, Centrum pro ekonomický výzkum a doktorské studium
|
| 928 |
9 |
|
|a Centrum pro ekonomický výzkum a doktorské studium Univerzity Karlovy
|
| 928 |
9 |
|
|a Národohospodářský ústav AV ČR
|
| 990 |
|
|
|a BK
|
| 995 |
|
|
|a 01
|
| 991 |
|
|
|b 201311
|c NOV
|e n
|
| 996 |
6 |
|
|b 2610567343
|c 2-1313.618
|l MZK
|r Sklad / do 1 hodiny
|n 2
|p p.v.
|w 001374982
|u 000010
|a 1
|e BOA001
|j MZK50
|s P
|